Perspectiva para dibujantes / (Record no. 22248)
[ view plain ]
| 000 -CABECERA | |
|---|---|
| campo de control de longitud fija | 00730nam a22002417a 4500 |
| 003 - IDENTIFICADOR DEL NÚMERO DE CONTROL | |
| campo de control | OSt |
| 005 - FECHA Y HORA DE LA ÚLTIMA TRANSACCIÓN | |
| campo de control | 20260601193901.0 |
| 008 - DATOS DE LONGITUD FIJA--INFORMACIÓN GENERAL | |
| campo de control de longitud fija | 260507b1980 sp a|||| |||| 00| 0 spa d |
| 020 ## - NÚMERO INTERNACIONAL ESTÁNDAR DEL LIBRO | |
| Número Internacional Estándar del Libro | 842520108x |
| 040 ## - FUENTE DE LA CATALOGACIÓN | |
| Centro catalogador/agencia de origen | ICI |
| Lengua de catalogación | spa |
| Centro/agencia transcriptor | ICI |
| 050 ## - SIGNATURA TOPOGRÁFICA DE LA BIBLIOTECA DEL CONGRESO | |
| Número de clasificación | T369 |
| Número de documento/Ítem | L36 1980 |
| 100 ## - ENTRADA PRINCIPAL--NOMBRE DE PERSONA | |
| Nombre de persona | Lawson, Philip J., |
| Término indicativo de función/relación | autor |
| 9 (RLIN) | 33930 |
| 240 #1 - TÍTULO UNIFORME | |
| Título uniforme | Practical perspective drawing |
| Lenguaje de la obra | Español |
| 245 #1 - MENCIÓN DE TÍTULO | |
| Título | Perspectiva para dibujantes / |
| Mención de responsabilidad, etc. | Lawson ; [traducción de Roberto fuchs] |
| 250 ## - MENCIÓN DE EDICIÓN | |
| Mención de edición | tercera edicion |
| 260 ## - PUBLICACIÓN, DISTRIBUCIÓN, ETC. | |
| Lugar de publicación, distribución, etc. | Barcelona : |
| Nombre del editor, distribuidor, etc. | Gustavo Gili, |
| Fecha de publicación, distribución, etc. | c1980 |
| 300 ## - DESCRIPCIÓN FÍSICA | |
| Extensión | 264 páginas |
| Dimensiones | 23cm. |
| 650 ## - PUNTO DE ACCESO ADICIONAL DE MATERIA--TÉRMINO DE MATERIA | |
| Término de materia o nombre geográfico como elemento de entrada | Perspectiva |
| 650 ## - PUNTO DE ACCESO ADICIONAL DE MATERIA--TÉRMINO DE MATERIA | |
| Término de materia o nombre geográfico como elemento de entrada | Dibujo técnico |
| 700 ## - PUNTO DE ACCESO ADICIONAL--NOMBRE DE PERSONA | |
| Nombre de persona | Fuchs, Roberto, |
| Término indicativo de función/relación | traductor |
| 9 (RLIN) | 33933 |
| 700 #1 - PUNTO DE ACCESO ADICIONAL--NOMBRE DE PERSONA | |
| Nombre de persona | Lawson, Philip J. |
| 9 (RLIN) | 33930 |
| 942 ## - ELEMENTOS DE PUNTO DE ACCESO ADICIONAL (KOHA) | |
| Fuente del sistema de clasificación o colocación | Library of Congress Classification |
| Tipo de ítem Koha | Libros |
| Suprimir en OPAC | 0 |
| Estado de retiro | Estado de pérdida | Fuente del sistema de clasificación o colocación | Estado dañado | No para préstamo | Localización permanente | Ubicación/localización actual | Fecha de adquisición | Total de préstamos | Signatura topográfica completa | Código de barras | Fecha visto por última vez | Número de copia | Precio válido a partir de | Tipo de ítem Koha |
|---|---|---|---|---|---|---|---|---|---|---|---|---|---|---|
| El ejemplar forma parte de la colección y puede ser consultado según las políticas vigentes. | Library of Congress Classification | Biblioteca de Diseño Museo Franz Mayer | Biblioteca de Diseño Museo Franz Mayer | 07/05/2026 | T369 L36 1980 | BDIMFM000675 | 07/05/2026 | Ej.1 | 07/05/2026 | Libros |